| 000 | 00340 a2200133 4500 | ||
|---|---|---|---|
| 001 | 82523 | ||
| 020 | _a0-87891-543-5 | ||
| 082 | _a621.381 FOG | ||
| 090 |
_c39952 _d39952 |
||
| 100 | _aFogiel M | ||
| 245 |
_aThe Electronics Problem Solver _bProblem Solver |
||
| 260 |
_aNew Jersy _bResearch And Eduction Association |
||
| 300 | _a1298P. | ||
| 942 |
_aCAENUST _k621.381 FOG |
||
| 999 |
_c317596 _d317596 |
||